| 000 | 00544nam a2200145Ia 4500 | ||
|---|---|---|---|
| 008 | 140724s9999 xx 000 0 und d | ||
| 050 |
_aHF 5549.5.T7 _b.C112 2011 |
||
| 100 | _aCabarles, Aejero Elmer R. | ||
| 245 |
_aTraining and development programs for high school teachers at International Montessori School / _cAejero Elmer R. Cabarles. |
||
| 260 |
_aLas PiƱas, Philippines : _bSouthville International School and Colleges, _cc2011. |
||
| 300 |
_a48 p. : _c28 cm. |
||
| 521 | _aHuman Resource Management | ||
| 942 | _cTH | ||
| 999 |
_c229053 _d229053 |
||